[Event "AUTO-OPEN-4514"]
[Site "http://www.queenalice.com/game.php?id=1832999"]
[Date "2024.3.9"]
[Round "1"]
[White "guy92"]
[Black "game"]
[Result "1-0"]
[WhiteElo "2130"]
[BlackElo "1570"]

1. d4 d5 2. c4 Nc6 3. cxd5 Nb4 4. Qa4+ Nc6 5. dxc6 b6 6. Nf3 e6 7. Nc3 a5 8. e4
Ne7 9. Bf4 Nxc6 10. Qxc6+ Bd7 11. Qxc7 Rc8 12. Qxd8+ Rxd8 13. Bc7 Rc8 14. Bf4
Bb4 15. Rc1 O-O 16. Bd3 Rcd8 17. O-O f5 18. exf5 exf5 19. Bc7 Rc8 20. Nd5 Bc6
21. Rxc6 b5 22. a3 Bxa3 23. bxa3 a4 24. Ne7+ Kf7 25. Nxc8 Rxc8 26. Bxb5 Ke7 27.
Bd6+ Kd7 28. Ne5+ Kd8 29. Be7+ 1-0

[Event "AUTO-OPEN-4514"]
[Site "http://www.queenalice.com/game.php?id=1833000"]
[Date "2024.3.9"]
[Round "1"]
[White "game"]
[Black "guy92"]
[Result "0-1"]
[WhiteElo "1559"]
[BlackElo "2129"]

1. e4 e5 2. Nf3 Nc6 3. Bc4 h6 4. d4 exd4 5. Nxd4 Bc5 6. Qf3 Ne5 7. Qc3 Nxc4 8.
Qxc4 Qe7 9. O-O d6 10. Re1 Nf6 11. Nf5 Bxf5 12. exf5 Qxe1+ 13. Qf1 Qxf1+ 14.
Kxf1 O-O 15. Nc3 a6 16. Be3 Bxe3 17. fxe3 Ng4 18. e4 Nxh2+ 19. Kg1 Ng4 20. Nd5
Rae8 21. Re1 Re5 22. Nxc7 Rc8 23. Nd5 Rxc2 24. Rb1 Rxe4 25. Rf1 Rxb2 26. Rc1 Re5
27. Rc8+ Kh7 28. Nf4 Re1# 0-1

[Event "AUTO-OPEN-4514"]
[Site "http://www.queenalice.com/game.php?id=1833001"]
[Date "2024.3.9"]
[Round "1"]
[White "guy92"]
[Black "josebaron"]
[Result "1/2-1/2"]
[WhiteElo "2131"]
[BlackElo "2185"]

1. d4 d5 2. c4 dxc4 3. Nf3 Nf6 4. Nc3 Bg4 5. e4 e5 6. Bg5 Be7 7. Bxc4 exd4 8.
Qxd4 Bxf3 9. Qxd8+ Bxd8 10. gxf3 h6 11. Bxf6 Bxf6 12. Rc1 a6 13. Rc2 O-O 14. Nd5
Nd7 15. Ke2 c6 16. Nxf6+ Nxf6 17. Rd2 Rfd8 18. Rhd1 Rxd2+ 19. Rxd2 Kf8 20. e5
Re8 21. f4 g6 22. Kf3 Nh5 23. Rd7 Re7 24. Rd8+ Re8 25. Rd6 Ng7 26. Ke4 Ke7 27.
a3 a5 28. Rd1 h5 29. Rd6 Nf5 30. Rf6 Rf8 1/2-1/2

[Event "AUTO-OPEN-4514"]
[Site "http://www.queenalice.com/game.php?id=1833002"]
[Date "2024.3.9"]
[Round "1"]
[White "josebaron"]
[Black "guy92"]
[Result "1/2-1/2"]
[WhiteElo "2183"]
[BlackElo "2133"]

1. e4 e5 2. Nf3 Nc6 3. Bb5 Nd4 4. Nxd4 exd4 5. d3 c5 6. O-O Bd6 7. Nd2 a6 8. Bc4
Nf6 9. a3 O-O 10. Nf3 Bc7 11. Bg5 h6 12. Bh4 d6 13. h3 Be6 14. Bxe6 fxe6 15. c4
Qe8 16. Bxf6 Rxf6 17. b4 b6 18. e5 dxe5 19. Nd2 cxb4 20. Ne4 Rf8 21. axb4 a5 22.
b5 Qe7 23. Qe2 Rf5 24. c5 bxc5 25. Rfc1 Bb6 26. Rc4 Raf8 27. Qc2 1/2-1/2

[Event "AUTO-OPEN-4514"]
[Site "http://www.queenalice.com/game.php?id=1833003"]
[Date "2024.3.9"]
[Round "1"]
[White "guy92"]
[Black "Magnaroc"]
[Result "1-0"]
[WhiteElo "2173"]
[BlackElo "2186"]

1. d4 Nf6 2. c4 Nc6 3. Nf3 e6 4. g3 Qe7 5. Nc3 Kd8 6. d5 exd5 7. cxd5 Ne5 8.
Nxe5 Qxe5 9. Bf4 Qe8 10. Rc1 Bb4 11. Qb3 Bxc3+ 12. Qxc3 c6 13. Rd1 cxd5 14. Qc7+
Ke7 15. Qc5+ Kd8 16. Bc7# 1-0

[Event "AUTO-OPEN-4514"]
[Site "http://www.queenalice.com/game.php?id=1833004"]
[Date "2024.3.9"]
[Round "1"]
[White "Magnaroc"]
[Black "guy92"]
[Result "0-1"]
[WhiteElo "2174"]
[BlackElo "2185"]

1. Nf3 d5 2. Nc3 Nf6 3. e3 Bg4 4. Qe2 c6 5. Kd1 Nbd7 6. Qe1 e5 7. Be2 Bd6 8. h3
Bxf3 9. Bxf3 e4 10. Be2 O-O 11. b3 b5 12. d3 b4 13. Na4 Nb6 14. Nxb6 axb6 0-1

[Event "Challenge"]
[Site "http://www.queenalice.com/game.php?id=1833216"]
[Date "2024.3.11"]
[Round "-"]
[White "FLeicher"]
[Black "guy92"]
[Result "0-1"]
[WhiteElo "2131"]
[BlackElo "2146"]

1. e4 c5 2. Nf3 Nc6 3. c3 d5 4. exd5 Qxd5 5. d4 e6 6. Be3 cxd4 7. cxd4 Qa5+ 8.
Nbd2 Nf6 9. a3 Bd7 10. b4 Qd8 11. Bc4 Bd6 12. O-O O-O 13. Bd3 e5 14. dxe5 Nxe5
15. Nxe5 Bxe5 16. Rb1 Bg4 17. Be2 Bf5 18. Rb3 Qc7 19. Nf3 Bc2 0-1

[Event "AUTO-OPEN-4515"]
[Site "http://www.queenalice.com/game.php?id=1833243"]
[Date "2024.3.12"]
[Round "1"]
[White "guy92"]
[Black "dosoldini"]
[Result "1-0"]
[WhiteElo "2158"]
[BlackElo "1456"]

1. d4 d5 2. c4 Nf6 3. Nf3 Nbd7 4. Nc3 h6 5. cxd5 Nb6 6. e4 c6 7. dxc6 bxc6 8.
Be2 Bb7 9. e5 Nfd5 10. e6 f6 11. Ne5 Qd6 12. Bh5+ 1-0

[Event "AUTO-OPEN-4515"]
[Site "http://www.queenalice.com/game.php?id=1833244"]
[Date "2024.3.12"]
[Round "1"]
[White "dosoldini"]
[Black "guy92"]
[Result "0-1"]
[WhiteElo "1510"]
[BlackElo "2160"]

1. e4 e5 2. Nf3 Nc6 3. a3 Nf6 4. Nc3 Bc5 5. Qe2 d6 6. d3 Bg4 7. Bg5 Nd4 8. Qd2
Nxf3+ 9. gxf3 Bxf3 10. Rg1 c6 11. Rg3 Bh5 12. Bg2 Bd4 13. Nd1 h6 14. Bxf6 Qxf6
15. Ne3 Bxb2 16. Rb1 Bxa3 17. Nc4 Bc5 18. Rxb7 O-O 19. Rh3 Rfb8 20. Rxb8+ Rxb8
21. Rxh5 Rb1+ 0-1

[Event "AUTO-OPEN-4515"]
[Site "http://www.queenalice.com/game.php?id=1833245"]
[Date "2024.3.12"]
[Round "1"]
[White "guy92"]
[Black "TammieM3ENF"]
[Result "1-0"]
[WhiteElo "2159"]
[BlackElo "1123"]

1. d4 d5 2. c4 dxc4 3. Nf3 c3 4. Nxc3 e6 5. Bf4 f5 6. e4 fxe4 7. Nxe4 g6 8. Be5
h5 9. Bd3 h4 10. Bxh8 e5 11. Bxe5 g5 12. Nfxg5 h3 13. Qh5+ Ke7 14. Qf7# 1-0

[Event "AUTO-OPEN-4515"]
[Site "http://www.queenalice.com/game.php?id=1833246"]
[Date "2024.3.12"]
[Round "1"]
[White "TammieM3ENF"]
[Black "guy92"]
[Result "0-1"]
[WhiteElo "1148"]
[BlackElo "2171"]

1. d4 d5 2. Nc3 Nf6 3. b3 c6 4. a4 e5 5. dxe5 Ng4 6. f3 Bb4 7. Bd2 Ne3 8. Bxe3
Bxc3+ 9. Bd2 Bxa1 10. Qxa1 Be6 11. c4 dxc4 12. bxc4 Qh4+ 13. g3 Qxc4 14. h4 O-O
15. g4 Nd7 16. f4 Qb3 17. f5 Qg3+ 18. Kd1 Bd5 19. h5 Bxh1 20. Nf3 Bxf3 21. exf3
Nxe5 22. a5 Rad8 23. Qa2 Nxf3 24. a6 Qe1+ 25. Kc2 Rxd2+ 26. Kb3 Qe3+ 27. Ka4
Rxa2+ 28. Kb4 Qa3+ 29. Kc4 Qxa6+ 30. Kc3 Qxf1 31. g5 Nxg5 32. Kd4 Rd2+ 33. Ke5
Re8# 0-1

[Event "Challenge"]
[Site "http://www.queenalice.com/game.php?id=1835250"]
[Date "2024.4.17"]
[Round "-"]
[White "JJerzy"]
[Black "guy92"]
[Result "0-1"]
[WhiteElo "2169"]
[BlackElo "2207"]

1. d4 d5 2. Nf3 Nf6 3. e3 e6 4. c4 a6 5. Nc3 c5 6. cxd5 cxd4 7. Nxd4 Nxd5 8.
Nxd5 Qxd5 9. Qb3 Qxb3 10. Nxb3 Nc6 11. a3 Be7 12. Be2 e5 13. O-O Be6 14. Nd2 O-O
15. Bc4 Bxc4 16. Nxc4 b5 17. Nd2 Rfd8 18. Ne4 Na5 19. b4 Nc4 20. Re1 f5 21. Ng3
g6 22. Kf1 a5 23. bxa5 Rxa5 24. Rb1 Bxa3 25. Bxa3 Nd2+ 26. Ke2 Nxb1 27. Rxb1
Rxa3 28. Rxb5 Ra2+ 29. Kf3 Rdd2 0-1

[Event "Challenge"]
[Site "http://www.queenalice.com/game.php?id=1835251"]
[Date "2024.4.17"]
[Round "-"]
[White "guy92"]
[Black "JJerzy"]
[Result "1-0"]
[WhiteElo "2197"]
[BlackElo "2180"]

1. d4 d5 2. c4 e6 3. Nf3 Nf6 4. Nc3 c6 5. e3 Bd6 6. Qc2 Nbd7 7. Be2 O-O 8. b3 e5
9. O-O e4 10. Nd2 a6 11. f3 exf3 12. Nxf3 Re8 13. Bd3 Nf8 14. e4 dxe4 15. Nxe4
Nxe4 16. Bxe4 Bg4 17. Ng5 h6 18. Bh7+ 1-0

[Event "AUTO-OPEN-4514"]
[Site "http://www.queenalice.com/game.php?id=1836582"]
[Date "2024.5.10"]
[Round "2"]
[White "guy92"]
[Black "RaulSoft"]
[Result "0-1"]
[WhiteElo "2255"]
[BlackElo "2577"]

1. d4 d5 2. c4 e6 3. Nf3 dxc4 4. Nc3 a6 5. a4 Nc6 6. e3 Na5 7. Ne5 Nf6 8. Nxc4
c5 9. Nxa5 Qxa5 10. Bd3 cxd4 11. exd4 Bd7 12. O-O Be7 13. Bf4 Bc6 14. Re1 O-O
15. Be5 Rfd8 16. Bc2 Nd7 17. Bg3 Nf6 18. Be5 Nd7 19. Bg3 Nf6 20. Be5 h6 21. Qd3
Kf8 22. Re3 Rd7 23. Rg3 Bd6 24. f4 Qb4 25. Ne2 Rc8 26. Bxf6 gxf6 27. Bb3 f5 28.
Qc3 Ke7 29. Kf2 Qb6 30. a5 Qd8 31. Qe3 Bb8 32. Rg7 Kf6 33. Rg3 Be4 34. Rh3 Kg7
35. Ra4 Ba7 36. Qg3+ Kh7 37. Qg5 Qxg5 38. fxg5 Kg6 39. gxh6 Kh7 40. Rg3 Kxh6 41.
Kf1 Rcd8 42. d5 exd5 43. Nd4 f4 44. Rh3+ Kg7 45. Bd1 Re7 46. g4 fxg3 47. Rxg3+
Kf8 0-1

[Event "AUTO-OPEN-4514"]
[Site "http://www.queenalice.com/game.php?id=1836583"]
[Date "2024.5.10"]
[Round "2"]
[White "RaulSoft"]
[Black "guy92"]
[Result "1-0"]
[WhiteElo "2579"]
[BlackElo "2253"]

1. d4 d5 2. c4 c6 3. cxd5 cxd5 4. Bf4 Nf6 5. Nc3 Nc6 6. e3 a6 7. Nf3 Bg4 8. h3
Bxf3 9. Qxf3 e6 10. Bd3 Bd6 11. Bg5 Qb6 12. Rb1 Nb4 13. Be2 Ne4 14. Nxe4 dxe4
15. Qxe4 Qa5 16. Bh4 Nxa2+ 17. Kf1 O-O 18. g4 Nb4 19. Kg2 Qb6 20. Bf3 Nd5 21.
Qd3 a5 22. Rhc1 a4 23. Ra1 g6 24. Qe2 Ra5 25. Bxd5 exd5 26. Bf6 Re8 27. Rc2 Raa8
28. g5 Qa6 29. Qg4 Qd3 30. Rc3 Qb5 31. Rac1 Qxb2 32. h4 Bf8 33. h5 Re4 34. Qf3
Qb6 35. hxg6 fxg6 36. Be5 Qe6 37. Qf6 Qxf6 38. gxf6 Rg4+ 39. Kf3 Rg5 40. e4
dxe4+ 41. Kxe4 Rf5 42. Rc8 Ra6 43. R1c7 1-0

[Event "AUTO-OPEN-4515"]
[Site "http://www.queenalice.com/game.php?id=1837771"]
[Date "2024.5.31"]
[Round "2"]
[White "guy92"]
[Black "barracuda3113"]
[Result "0-1"]
[WhiteElo "2251"]
[BlackElo "2247"]

1. d4 Nf6 2. c4 e6 3. Nf3 c5 4. d5 exd5 5. cxd5 d6 6. Nc3 g6 7. Bg5 h6 8. Bh4 g5
9. Bg3 Nh5 10. e4 Nxg3 11. hxg3 Bg7 12. Nd2 a6 13. Be2 Nd7 14. Nc4 Qe7 15. a4 b6
16. f4 Rb8 17. Qd2 Nf8 18. e5 dxe5 19. d6 Qe6 20. Nd5 Rb7 21. Nc7+ Rxc7 0-1

[Event "AUTO-OPEN-4515"]
[Site "http://www.queenalice.com/game.php?id=1837776"]
[Date "2024.5.31"]
[Round "2"]
[White "guy92"]
[Black "CCapivara"]
[Result "1-0"]
[WhiteElo "2219"]
[BlackElo "2275"]

1. d4 d6 2. c4 Nf6 3. Nf3 Bg4 4. g3 Nbd7 5. Bg2 c6 6. h3 Bh5 7. Nc3 e5 8. Be3
Be7 9. Nh4 Bg6 10. d5 cxd5 11. Nxg6 hxg6 12. Nxd5 Nxd5 13. Qxd5 O-O 14. O-O Qc7
15. Qxb7 Qxb7 16. Bxb7 Rab8 17. Bc6 Nc5 18. b3 Rfc8 19. Bd5 a5 20. Rab1 Kf8 21.
Kg2 f5 22. f4 Bf6 23. fxe5 Bxe5 24. g4 Ke7 25. gxf5 gxf5 26. Rxf5 Bf6 27. Bf2
Rh8 28. Bg3 Nd7 29. Rd1 Ne5 30. c5 g6 31. cxd6+ 1-0

[Event "AUTO-OPEN-4515"]
[Site "http://www.queenalice.com/game.php?id=1837777"]
[Date "2024.5.31"]
[Round "2"]
[White "CCapivara"]
[Black "guy92"]
[Result "0-1"]
[WhiteElo "2248"]
[BlackElo "2233"]

1. e4 e5 2. Nf3 Nf6 3. Nxe5 d6 4. Nf3 Bg4 5. Nc3 Nc6 6. Be2 d5 7. exd5 Nxd5 8.
Nxd5 Qxd5 9. O-O O-O-O 10. d3 Bc5 11. Be3 Bxe3 12. fxe3 Qc5 13. Qd2 Rhe8 14. d4
Qe7 15. Kf2 f5 16. c3 Kb8 17. b4 Ne5 18. Nxe5 Qxe5 19. Bxg4 fxg4 20. g3 Qe4 21.
Rae1 Rf8+ 22. Kg1 Rf3 23. Rxf3 gxf3 24. Rf1 h5 25. h4 g5 26. hxg5 h4 27. Qf2 Rf8
28. Kh2 Qg4 29. g6 hxg3+ 30. Qxg3 Rh8+ 0-1

[Event "AUTO-OPEN-4515"]
[Site "http://www.queenalice.com/game.php?id=1844275"]
[Date "2024.9.26"]
[Round "3"]
[White "guy92"]
[Black "LMP1989"]
[Result "1-0"]
[WhiteElo "2249"]
[BlackElo "2161"]

1. d4 d5 2. c4 c6 3. Nc3 Nf6 4. cxd5 cxd5 5. g3 Nc6 6. Bf4 a6 7. Nf3 e6 8. Bg2
Bd6 9. Ne5 O-O 10. O-O Nh5 11. Bd2 Nxe5 12. dxe5 Bxe5 13. e4 Nf6 14. exd5 Nxd5
15. Rc1 Nxc3 16. Bxc3 Bxc3 17. Rxc3 Rb8 18. Qe2 b5 19. Rd1 Qf6 20. Rc7 a5 21.
Rd6 Rd8 22. Rd3 Rxd3 23. Qxd3 g6 24. Qd6 Qg7 25. Rc2 1-0

[Event "AUTO-OPEN-4515"]
[Site "http://www.queenalice.com/game.php?id=1844276"]
[Date "2024.9.26"]
[Round "3"]
[White "LMP1989"]
[Black "guy92"]
[Result "0-1"]
[WhiteElo "2171"]
[BlackElo "2239"]

1. Nf3 Nf6 2. g3 d5 3. Bg2 g6 4. d4 Bg7 5. O-O O-O 6. Bg5 h6 7. Bxf6 exf6 8. c3
Re8 9. Re1 Be6 10. Nbd2 Nd7 11. e4 dxe4 12. Nxe4 c6 13. Nfd2 f5 14. Nd6 Re7 15.
N6c4 Rc8 16. a4 Nf6 17. Ne5 c5 18. Ndf3 Ne4 19. dxc5 Qxd1 20. Raxd1 Bb3 21. Ra1
Nxc5 22. h4 Rce8 0-1